Representaciones, imaginarios e identidad : (Record no. 69918)

MARC details
000 -LEADER
fixed length control field 00608cam a2200181 4500
008 - FIXED-LENGTH DATA ELEMENTS--GENERAL INFORMATION
fixed length control field 081220s2003 mx 000 0 spa u
020 ## - INTERNATIONAL STANDARD BOOK NUMBER
International Standard Book Number 9703203701 (
245 00 - TITLE STATEMENT
Title Representaciones, imaginarios e identidad :
Remainder of title actores de la educación superior /
Statement of responsibility, etc Juan Manuel Piña Osorio, coordinador.
260 ## - PUBLICATION, DISTRIBUTION, ETC. (IMPRINT)
Place of publication, distribution, etc Mexico :
Name of publisher, distributor, etc UNAM,
Date of publication, distribution, etc 2003
300 ## - PHYSICAL DESCRIPTION
Extent 239 p. ;
Dimensions 23 cm.
504 ## - BIBLIOGRAPHY, ETC. NOTE
Bibliography, etc Incluye bibliografías e índice
506 ## - RESTRICTIONS ON ACCESS NOTE
Terms governing access Rec. Esc.
650 #7 - SUBJECT ADDED ENTRY--TOPICAL TERM
Topical term or geographic name as entry element Educación superior
Geographic subdivision México
Source of heading or term Lemb
700 1# - ADDED ENTRY--PERSONAL NAME
Personal name Piña Osorio, Juan Manuel, ed.
942 ## - ADDED ENTRY ELEMENTS (KOHA)
Source of classification or shelving scheme Biblioteca del Cogreso de los Estados Unidos
Koha item type Libro
Holdings
Estado de pérdida Fuente de clasificación Estado del daño No para préstamo Ubicación permanente Ubicación actual Apartado o colección Fecha de adquisición Área del conocimiento Total Checkouts Clasificación Código de Barras Date last seen Date checked out Número de copia Tipo de recurso
  Biblioteca del Cogreso de los Estados Unidos     Biblioteca del Instituto de Investigaciones Históricas Biblioteca del Instituto de Investigaciones Históricas General 06/11/2018 Educación y Humanidades 1 LB2325 R47 2003 IIH000001512 23/09/2025 23/09/2025 C:1 Libro